Kontrola vo verejnej správe

Koncepcia postupného zdokonaľovania kontrolného systému štátnej správy SR. Obsah koncepcie podľa uznesenia vlády SR č. 461/1998.

Guardado en:
Detalles Bibliográficos
Autor principal: Ličko, Tibor
Formato: Capítulo de libro
Lenguaje:eslovaco
Materias:
Etiquetas: Agregar Etiqueta
Sin Etiquetas, Sea el primero en etiquetar este registro!

MARC

LEADER 00000naa a2200000 4500
001 r033367
005 20230825081121.1
041 0 |a slo 
044 |a SK 
245 1 0 |a Kontrola vo verejnej správe  |c Tibor Ličko 
520 |a Koncepcia postupného zdokonaľovania kontrolného systému štátnej správy SR. Obsah koncepcie podľa uznesenia vlády SR č. 461/1998. 
610 2 0 |a správa verejná 
610 2 0 |a koncepcie 
610 2 0 |a legislatíva 
610 2 0 |a kontrola 
610 2 0 |a samospráva 
610 2 0 |a Slovensko 
100 1 |a Ličko, Tibor